000
00305nam a2200121 a 4500
008
101209s1999|||| d
100
1
_a
Caforio, Aliberto
245
1
0
_a
Anglický slovník II. Anglicko-slovenský
260
_b
Logos
_a
Bratislava
_c
1999
020
_c
199
041
_a
eng
044
_a
xo
_c
SK
999
_c
15037
_d
15037